[Event "16. Open C.A. Villaverde 2011"]
[Site "Madrid ESP"]
[Date "2011.11.16"]
[Round "3.11"]
[White "Rodriguez Vignote, Javier"]
[Black "Martinez Miura, Enrique"]
[Result "1-0"]
[WhiteElo "1922"]
[BlackElo "1713"]
[PlyCount "51"]
[EventDate "2011.11.14"]
[EventType "swiss"]
[EventRounds "8"]
[EventCountry "ESP"]
[Source "lmi"]
[SourceDate "2011.11.14"]

1. d4 e6 2. c4 d5 3. Nf3 h6 4. g3 Nf6 5. Bg2 Be7 6. O-O O-O 7. Qc2 c6 8. Nbd2
Nbd7 9. e4 dxe4 10. Nxe4 Nxe4 11. Qxe4 Nf6 12. Qe2 Re8 13. Rd1 Bf8 14. Ne5 Nd7
15. Bf4 Nxe5 16. dxe5 Qc7 17. Be4 Qe7 18. Rd2 f5 19. exf6 Qxf6 20. Be5 Qf7 21.
Qd3 Bb4 22. Bg6 Qf8 23. Rdd1 Re7 24. Bd6 Bxd6 25. Qxd6 Rd7 26. Qxe6+ 1-0

[Event "16. Open C.A. Villaverde 2011"]
[Site "Madrid ESP"]
[Date "2011.11.16"]
[Round "3.14"]
[White "Salgado Duarte, Pablo"]
[Black "Baeza Escudero, Javier"]
[Result "0-1"]
[WhiteElo "1500"]
[BlackElo "2040"]
[PlyCount "86"]
[EventDate "2011.11.14"]
[EventType "swiss"]
[EventRounds "8"]
[EventCountry "ESP"]
[Source "lmi"]
[SourceDate "2011.11.14"]

1. d4 d5 2. Nc3 Nf6 3. Nf3 g6 4. Bf4 Bg7 5. e3 O-O 6. Be2 b6 7. O-O Bb7 8. Bd3
Na6 9. a3 c5 10. dxc5 Nxc5 11. Be2 Nh5 12. Bg3 Nxg3 13. hxg3 Rc8 14. Nd4 e5 15.
Nf3 a6 16. Qd2 d4 17. exd4 exd4 18. Nd1 Re8 19. Rb1 Rc7 20. b4 Ne4 21. Qd3 Nc3
22. Nxc3 Rxc3 23. Qd2 Rxa3 24. Bd3 Qa8 25. Ne1 Rc3 26. f3 a5 27. Ra1 a4 28. Bb5
a3 29. Bxe8 Qxe8 30. Nd3 Qc6 31. Rfe1 Rxc2 32. Re8+ Bf8 33. Rxf8+ Kxf8 34. Qh6+
Kg8 35. Ne5 Qf6 36. Qf4 Qxf4 37. gxf4 a2 38. Nd3 Ba6 39. b5 Bxb5 40. Nb4 Rb2
41. Nxa2 Bc4 42. Nc1 Rc2 43. Kh2 b5 0-1

[Event "16. Open C.A. Villaverde 2011"]
[Site "Madrid ESP"]
[Date "2011.11.16"]
[Round "3.16"]
[White "Urena Castellanos, Antonio"]
[Black "Ojosnegros Martin, Angel"]
[Result "1-0"]
[WhiteElo "1648"]
[BlackElo "1475"]
[PlyCount "91"]
[EventDate "2011.11.14"]
[EventType "swiss"]
[EventRounds "8"]
[EventCountry "ESP"]
[Source "lmi"]
[SourceDate "2011.11.14"]

1. d4 d5 2. Nf3 Nf6 3. e3 e6 4. c4 Be7 5. Nc3 Nbd7 6. c5 O-O 7. Bd3 c6 8. a4 b6
9. b4 Bb7 10. Rb1 Ne4 11. Nxe4 dxe4 12. Bxe4 Nf6 13. Bd3 Qc7 14. h3 Rad8 15.
Qc2 h6 16. Bb2 bxc5 17. bxc5 Nd5 18. Bc1 Rb8 19. Bd2 Ba8 20. O-O a5 21. Ne5 Nb4
22. Bxb4 Rxb4 23. Rxb4 axb4 24. Rb1 Rb8 25. Qb3 Bxc5 26. Rc1 Bd6 27. f4 Bxe5
28. fxe5 Qe7 29. Be4 Rc8 30. Rc4 Qh4 31. Bf3 Qe1+ 32. Kh2 Rb8 33. Rc5 Rc8 34.
Bg4 Re8 35. a5 Bb7 36. Bf3 Rc8 37. Rc4 Ba6 38. Rxb4 Bb5 39. Qa3 Ra8 40. Rxb5
cxb5 41. Bxa8 b4 42. Qb3 f5 43. Qxe6+ Kh8 44. Qxf5 b3 45. Be4 Kg8 46. e6 1-0

[Event "16. Open C.A. Villaverde 2011"]
[Site "Madrid ESP"]
[Date "2011.11.17"]
[Round "4.1"]
[White "Quevedo Marin, Manuel"]
[Black "Ramirez Garcia, Jorge Alberto"]
[Result "1-0"]
[WhiteElo "2184"]
[BlackElo "2177"]
[PlyCount "81"]
[EventDate "2011.11.14"]
[EventType "swiss"]
[EventRounds "8"]
[EventCountry "ESP"]
[Source "lmi"]
[SourceDate "2011.11.14"]

1. d4 d5 2. c4 c6 3. Nf3 Nf6 4. e3 e6 5. Bd3 dxc4 6. Bxc4 Nbd7 7. O-O Bd6 8. b3
O-O 9. Bb2 Qc7 10. Nbd2 e5 11. h3 e4 12. Ng5 Nb6 13. Ngxe4 Nxe4 14. Nxe4 Nxc4
15. bxc4 Bf5 16. Nxd6 Qxd6 17. f3 Qg6 18. e4 Bxh3 19. Rf2 Rad8 20. d5 Rfe8 21.
Qd4 b5 22. cxb5 cxd5 23. exd5 Rd7 24. Qh4 Bf5 25. Rd2 Bd3 26. Re1 Qb6+ 27. Kh1
Rxe1+ 28. Qxe1 Qh6+ 29. Kg1 Qb6+ 30. Rf2 Rd8 31. Qc3 Qg6 32. a4 h6 33. Qd4 Bf5
34. Qxa7 Re8 35. Qa5 Bh3 36. Qc3 f6 37. b6 Qg3 38. b7 Kh7 39. f4 Re1+ 40. Qxe1
Bxg2 41. Re2 1-0

[Event "16. Open C.A. Villaverde 2011"]
[Site "Madrid ESP"]
[Date "2011.11.17"]
[Round "4.2"]
[White "Garcia Diaz, Victor"]
[Black "Nieto Esteban, Manuel"]
[Result "1-0"]
[WhiteElo "2107"]
[BlackElo "1760"]
[PlyCount "67"]
[EventDate "2011.11.14"]
[EventType "swiss"]
[EventRounds "8"]
[EventCountry "ESP"]
[Source "lmi"]
[SourceDate "2011.11.14"]

1. d4 Nf6 2. c4 g6 3. g3 Bg7 4. Bg2 d6 5. Nc3 O-O 6. h3 c5 7. e3 Nbd7 8. Nge2
Rb8 9. O-O Re8 10. g4 h6 11. Ng3 Nb6 12. Qe2 a6 13. a4 cxd4 14. exd4 Bd7 15. a5
Na8 16. Be3 Bc6 17. d5 Bd7 18. Qd2 Kh7 19. f4 Nc7 20. g5 Ng8 21. f5 Rf8 22. Be4
hxg5 23. Bxg5 Nf6 24. Bd3 Ng8 25. Qf4 Bh6 26. Qh4 Kg7 27. fxg6 fxg6 28. Rxf8
Qxf8 29. Rf1 Qe8 30. Qd4+ Kh7 31. h4 e5 32. Qe4 Bxg5 33. hxg5 Ne7 34. Qh4+ 1-0

[Event "16. Open C.A. Villaverde 2011"]
[Site "Madrid ESP"]
[Date "2011.11.17"]
[Round "4.3"]
[White "Barajas Fernandez, Helios"]
[Black "Martin Rodriguez, Emilio"]
[Result "1-0"]
[WhiteElo "2106"]
[BlackElo "2126"]
[PlyCount "71"]
[EventDate "2011.11.14"]
[EventType "swiss"]
[EventRounds "8"]
[EventCountry "ESP"]
[Source "lmi"]
[SourceDate "2011.11.14"]

1. e4 c6 2. d4 d5 3. e5 c5 4. dxc5 e6 5. a3 a5 6. Be3 Ne7 7. Bd3 Nbc6 8. Nf3
Ng6 9. Bxg6 hxg6 10. Nc3 Bd7 11. Bg5 Qb8 12. Na4 Nxe5 13. Nb6 Nxf3+ 14. Qxf3
Qe5+ 15. Be3 Rd8 16. O-O-O Bc6 17. Bd4 Qg5+ 18. Kb1 Rh4 19. Qc3 Qxg2 20. Rhg1
Qxh2 21. Rge1 Qf4 22. Be5 Qxf2 23. Bg3 Qf6 24. Bxh4 Qxh4 25. Qxa5 Qf2 26. b4 g5
27. Nc4 Be7 28. Ne5 Bf6 29. Rf1 Qe2 30. Rde1 Qb5 31. Qc7 Rd7 32. Nxd7 Bxd7 33.
Rxf6 gxf6 34. Rh1 Kf8 35. Qd8+ Be8 36. Qxf6 1-0

[Event "16. Open C.A. Villaverde 2011"]
[Site "Madrid ESP"]
[Date "2011.11.17"]
[Round "4.4"]
[White "Longa Yauca, Javier"]
[Black "Rodriguez Vignote, Javier"]
[Result "1-0"]
[WhiteElo "2296"]
[BlackElo "1922"]
[PlyCount "139"]
[EventDate "2011.11.14"]
[EventType "swiss"]
[EventRounds "8"]
[EventCountry "ESP"]
[Source "lmi"]
[SourceDate "2011.11.14"]

1. d4 Nf6 2. Nf3 e6 3. Bg5 c5 4. e3 Be7 5. c3 b6 6. Bd3 Bb7 7. Nbd2 Nc6 8. O-O
O-O 9. Rc1 Rc8 10. Qe2 cxd4 11. exd4 Nd5 12. Bxe7 Ncxe7 13. g3 f5 14. Rfe1 Ng6
15. Ba6 Bxa6 16. Qxa6 Rc7 17. Qd3 Qc8 18. h4 Nh8 19. Rcd1 Nf7 20. c4 Qa6 21.
Ne5 Nxe5 22. dxe5 Rfc8 23. b3 Ne7 24. a4 Qa5 25. Nf3 Nc6 26. Re3 Qc5 27. Qe2
Qe7 28. Red3 h6 29. Qe3 Rf8 30. Qd2 Rf7 31. h5 Qc5 32. Qf4 Kf8 33. Rd6 Ke8 34.
Kg2 Rb7 35. Qd2 Re7 36. Qf4 Rf7 37. R1d2 Rc7 38. R6d3 Rb7 39. Re2 Nb4 40. Rd6
Nc6 41. Qd2 Rc7 42. Re1 Rb7 43. Qb2 Rc7 44. Re2 Rb7 45. Ne1 Na5 46. Nd3 Qc8 47.
Rd2 Rc7 48. Nf4 Nb7 49. R6d4 Nc5 50. f3 Nb7 51. Qa3 Nd8 52. Ng6 Rc5 53. Rd6 Nb7
54. R6d3 Nd8 55. Qc1 Nc6 56. Qc3 Na5 57. Qd4 Rc7 58. Nf4 Re7 59. Rc3 Nc6 60.
Qd6 Nd8 61. Qd3 Rc5 62. Ng6 Rf7 63. b4 Rc7 64. Qd4 Nc6 65. Qd6 Nd8 66. Rdc2 Nb7
67. Qd4 Nd8 68. c5 Nc6 69. cxb6 axb6 70. Qd6 1-0

[Event "16. Open C.A. Villaverde 2011"]
[Site "Madrid ESP"]
[Date "2011.11.17"]
[Round "4.6"]
[White "Camarero Izquierdo, Juan C"]
[Black "Aziz Ortego, Omar Luis"]
[Result "0-1"]
[WhiteElo "1915"]
[BlackElo "2139"]
[PlyCount "62"]
[EventDate "2011.11.14"]
[EventType "swiss"]
[EventRounds "8"]
[EventCountry "ESP"]
[Source "lmi"]
[SourceDate "2011.11.14"]

1. d4 Nf6 2. c4 e6 3. Nc3 d5 4. Bg5 Be7 5. Bxf6 Bxf6 6. e3 c6 7. Bd3 Nd7 8. f4
a6 9. Nf3 dxc4 10. Bxc4 b5 11. Bd3 c5 12. Ne4 O-O 13. Nfg5 h6 14. h4 cxd4 15.
Qf3 Rb8 16. exd4 Bxd4 17. O-O-O Bb7 18. Kb1 Qa5 19. Bc2 Bd5 20. Rxd4 Qxa2+ 21.
Kc1 Qa1+ 22. Bb1 Rbc8+ 23. Kd2 Qxb2+ 24. Ke3 f5 25. Qh5 fxe4 26. Nxe4 Rf5 27.
Qg6 Ne5 28. Nf6+ Rxf6 29. Qh7+ Kf7 30. fxe5 Rc3+ 31. Bd3 Qf2# 0-1

[Event "16. Open C.A. Villaverde 2011"]
[Site "Madrid ESP"]
[Date "2011.11.17"]
[Round "4.8"]
[White "Mansilla Tolosa, Luis"]
[Black "Lopez Heras, Arturo"]
[Result "0-1"]
[WhiteElo "2070"]
[BlackElo "1904"]
[PlyCount "54"]
[EventDate "2011.11.14"]
[EventType "swiss"]
[EventRounds "8"]
[EventCountry "ESP"]
[Source "lmi"]
[SourceDate "2011.11.14"]

1. d4 Nf6 2. c4 g6 3. Nc3 d5 4. Nf3 Bg7 5. e3 O-O 6. Ne5 c6 7. Qb3 e6 8. Be2
Nbd7 9. f4 Nxe5 10. fxe5 Nd7 11. O-O b6 12. e4 dxc4 13. Bxc4 Bb7 14. Be3 Qc7
15. Bg5 Rae8 16. Bf6 b5 17. Bd3 Qb6 18. Rad1 Nxe5 19. Bxg7 Qxd4+ 20. Kh1 Kxg7
21. Bxb5 Qb6 22. Bc4 Nxc4 23. Qxc4 Ba6 24. Qa4 Bxf1 25. Rxf1 Rd8 26. e5 Qxb2
27. Qa5 Rd2 0-1

[Event "16. Open C.A. Villaverde 2011"]
[Site "Madrid ESP"]
[Date "2011.11.17"]
[Round "4.9"]
[White "Baeza Escudero, Javier"]
[Black "Galan Aguado, Fernando"]
[Result "1-0"]
[WhiteElo "2040"]
[BlackElo "1804"]
[PlyCount "73"]
[EventDate "2011.11.14"]
[EventType "swiss"]
[EventRounds "8"]
[EventCountry "ESP"]
[Source "lmi"]
[SourceDate "2011.11.14"]

1. e4 e6 2. d4 d5 3. Nd2 dxe4 4. Nxe4 Bd7 5. Nf3 Bc6 6. Bd3 Nd7 7. O-O Ngf6 8.
Ng3 Be7 9. b3 O-O 10. Bb2 Bxf3 11. Qxf3 c6 12. Rfe1 Re8 13. Rad1 Qa5 14. a3 Qg5
15. h3 Bd6 16. Bc1 Qa5 17. b4 Qc7 18. c4 a5 19. c5 Bf8 20. Bf4 Qd8 21. b5 Nd5
22. Ne4 Nxf4 23. Qxf4 Qb8 24. Qf3 e5 25. Ng5 Nf6 26. Bc4 Re7 27. Nxf7 e4 28.
Nd6+ Nd5 29. Rxe4 Rxe4 30. Qxe4 Bxd6 31. Qe6+ Kf8 32. cxd6 Qd8 33. Re1 Qf6 34.
Bxd5 cxd5 35. Qxd5 Rd8 36. Re6 Qf4 37. Qc5 1-0

[Event "16. Open C.A. Villaverde 2011"]
[Site "Madrid ESP"]
[Date "2011.11.21"]
[Round "5.1"]
[White "Garcia Diaz, Victor"]
[Black "Quevedo Marin, Manuel"]
[Result "1-0"]
[WhiteElo "2107"]
[BlackElo "2184"]
[PlyCount "41"]
[EventDate "2011.11.14"]
[EventType "swiss"]
[EventRounds "8"]
[EventCountry "ESP"]
[Source "lmi"]
[SourceDate "2011.11.14"]

1. c4 c6 2. e4 d5 3. exd5 cxd5 4. cxd5 Nf6 5. Nc3 g6 6. Bc4 Bg7 7. Nf3 O-O 8.
a4 b6 9. O-O Bb7 10. Qb3 Na6 11. d4 Nc7 12. a5 Ncxd5 13. a6 Bc6 14. Ne5 Qd6 15.
Nxc6 Nxc3 16. Qxc3 Rac8 17. Nxa7 Rxc4 18. Qxc4 Ng4 19. g3 Bxd4 20. Nb5 Qf6 21.
Qxd4 1-0

[Event "16. Open C.A. Villaverde 2011"]
[Site "Madrid ESP"]
[Date "2011.11.21"]
[Round "5.2"]
[White "Gongora Montes, Benjamin"]
[Black "Barajas Fernandez, Helios"]
[Result "1/2-1/2"]
[WhiteElo "2217"]
[BlackElo "2106"]
[PlyCount "106"]
[EventDate "2011.11.14"]
[EventType "swiss"]
[EventRounds "8"]
[EventCountry "ESP"]
[Source "lmi"]
[SourceDate "2011.11.14"]

1. e4 c5 2. Nf3 d6 3. d4 cxd4 4. Nxd4 Nf6 5. Nc3 a6 6. Bg5 Nbd7 7. Qe2 g6 8. f4
Bg7 9. O-O-O Qc7 10. Bxf6 Nxf6 11. e5 dxe5 12. fxe5 Nh5 13. e6 Qf4+ 14. Kb1
Bxd4 15. exf7+ Kxf7 16. Qc4+ Be6 17. Qxd4 Qxd4 18. Rxd4 Rhd8 19. Rb4 b5 20. Be2
Nf6 21. Rf1 Kg7 22. a4 bxa4 23. Rxa4 a5 24. Bf3 Ra6 25. Re1 Kf7 26. Kc1 Bd7 27.
Rc4 Rc8 28. Rf4 g5 29. Rd4 Rd6 30. Rxd6 exd6 31. Nd5 Nxd5 32. Bxd5+ Kf6 33. Kd2
Bc6 34. Re6+ Kf5 35. Rxd6 Ba4 36. Be6+ Ke5 37. Bxc8 Kxd6 38. Bf5 h5 39. Kc3 Ke5
40. Bg6 h4 41. b4 axb4+ 42. Kxb4 Bc6 43. g3 hxg3 44. hxg3 Kd4 45. Bf5 Ke3 46.
Kc5 Bf3 47. Kd6 g4 48. Ke5 Bd1 49. c4 Kf3 50. c5 Ba4 51. Kd6 Kxg3 52. Bd7 Bxd7
53. Kxd7 Kf4 1/2-1/2

[Event "16. Open C.A. Villaverde 2011"]
[Site "Madrid ESP"]
[Date "2011.11.21"]
[Round "5.4"]
[White "Lopez Heras, Arturo"]
[Black "Ramirez Garcia, Jorge Alberto"]
[Result "0-1"]
[WhiteElo "1904"]
[BlackElo "2177"]
[PlyCount "96"]
[EventDate "2011.11.14"]
[EventType "swiss"]
[EventRounds "8"]
[EventCountry "ESP"]
[Source "lmi"]
[SourceDate "2011.11.14"]

1. e4 d5 2. exd5 Qxd5 3. Nf3 Bg4 4. Be2 Nc6 5. O-O Nf6 6. Nc3 Qd7 7. d4 e6 8.
Ne5 Bxe2 9. Nxd7 Bxd1 10. Nxf6+ gxf6 11. Rxd1 Nb4 12. Bf4 O-O-O 13. Rac1 Bg7
14. a3 Nd5 15. Nxd5 Rxd5 16. c4 Rd7 17. Be3 Rhd8 18. Kf1 f5 19. Bg5 Rg8 20. Be3
Bf6 21. Rd3 Rgd8 22. Rcd1 c6 23. Ke2 b6 24. b4 Kb7 25. g3 a6 26. h4 Rc8 27. d5
cxd5 28. cxd5 Rcd8 29. dxe6 Rxd3 30. Rxd3 Rxd3 31. Kxd3 fxe6 32. a4 b5 33. axb5
axb5 34. h5 Kc6 35. f3 Kd5 36. g4 fxg4 37. fxg4 Be7 38. Bc5 Bf6 39. Be3 e5 40.
g5 Be7 41. g6 hxg6 42. hxg6 e4+ 43. Ke2 Bf8 44. Bc5 Bg7 45. Ke3 Bh6+ 46. Ke2
Ke5 47. Be3 Bf8 48. Bc5 Bg7 0-1

[Event "16. Open C.A. Villaverde 2011"]
[Site "Madrid ESP"]
[Date "2011.11.21"]
[Round "5.5"]
[White "Martin Rodriguez, Emilio"]
[Black "Martin-Consuegra Barrilero, Jav"]
[Result "1-0"]
[WhiteElo "2126"]
[BlackElo "1895"]
[PlyCount "83"]
[EventDate "2011.11.14"]
[EventType "swiss"]
[EventRounds "8"]
[EventCountry "ESP"]
[Source "lmi"]
[SourceDate "2011.11.14"]

1. d4 d6 2. c4 e5 3. Nf3 Nd7 4. Nc3 Ngf6 5. Bg5 c6 6. e3 Be7 7. Qc2 a6 8. O-O-O
Qc7 9. c5 dxc5 10. dxe5 Nd5 11. Rxd5 Bxg5 12. Rxd7 Bxe3+ 13. fxe3 Bxd7 14. Ne4
O-O 15. Nxc5 b5 16. Ng5 g6 17. e6 Be8 18. Qe4 f5 19. Qh4 Qg7 20. Be2 h6 21. Nf3
g5 22. Qd4 Bh5 23. Qxg7+ Kxg7 24. e7 Rf7 25. Ne6+ Kf6 26. Nc7 Rxe7 27. Nxa8
Rxe3 28. Bd1 Bf7 29. Nc7 a5 30. a3 b4 31. Re1 f4 32. Rxe3 fxe3 33. axb4 axb4
34. Na6 g4 35. Ne1 Kg5 36. Nxb4 c5 37. Nbc2 c4 38. Nxe3 h5 39. Be2 c3 40. bxc3
Be6 41. Kd2 h4 42. g3 1-0

[Event "16. Open C.A. Villaverde 2011"]
[Site "Madrid ESP"]
[Date "2011.11.21"]
[Round "5.6"]
[White "Vazquez Gonzalez, Jesus"]
[Black "Baeza Escudero, Javier"]
[Result "0-1"]
[WhiteElo "2074"]
[BlackElo "2040"]
[PlyCount "78"]
[EventDate "2011.11.14"]
[EventType "swiss"]
[EventRounds "8"]
[EventCountry "ESP"]
[Source "lmi"]
[SourceDate "2011.11.14"]

1. e4 c5 2. d3 g6 3. f4 Bg7 4. Nf3 Nc6 5. c3 e6 6. g3 Nge7 7. Bg2 b5 8. O-O Rb8
9. Be3 d6 10. a3 O-O 11. Nh4 Qc7 12. g4 f5 13. h3 a5 14. Qe2 b4 15. axb4 axb4
16. exf5 exf5 17. Re1 Bd7 18. gxf5 Nxf5 19. Nxf5 Bxf5 20. Bd2 bxc3 21. bxc3 Nb4
22. cxb4 Bxa1 23. Nc3 Rfe8 24. Qxe8+ Rxe8 25. Rxe8+ Kf7 26. Nd5 Qc6 27. Re7+
Kf8 28. Ra7 Bd4+ 29. Be3 Bxh3 30. Bxd4 cxd4 31. Rc7 Qb5 32. Be4 Qa4 33. Nf6
Qd1+ 34. Kh2 Bf5 35. Bc6 Qe2+ 36. Kg1 Qe3+ 37. Kg2 Qh3+ 38. Kg1 Qg3+ 39. Kh1
Qh4+ 0-1

[Event "16. Open C.A. Villaverde 2011"]
[Site "Madrid ESP"]
[Date "2011.11.21"]
[Round "5.7"]
[White "Martinez Cepedano, Roberto"]
[Black "Cruz Monzon, Jose"]
[Result "1/2-1/2"]
[WhiteElo "1683"]
[BlackElo "1976"]
[PlyCount "47"]
[EventDate "2011.11.14"]
[EventType "swiss"]
[EventRounds "8"]
[EventCountry "ESP"]
[Source "lmi"]
[SourceDate "2011.11.14"]

1. e4 c5 2. Nf3 d6 3. d4 cxd4 4. Nxd4 Nf6 5. Nc3 Nc6 6. Bg5 e6 7. Qd2 Be7 8.
O-O-O Nxd4 9. Qxd4 O-O 10. Kb1 h6 11. Bc1 a6 12. Be2 e5 13. Qd3 Nd7 14. Nd5 Nc5
15. Nxe7+ Qxe7 16. Qxd6 Qxd6 17. Rxd6 Nxe4 18. Rd5 Nxf2 19. Rf1 Ng4 20. h3 Be6
21. Ra5 Nf6 22. Rxe5 Rfe8 23. Re3 Nd5 24. Rg3 1/2-1/2

[Event "16. Open C.A. Villaverde 2011"]
[Site "Madrid ESP"]
[Date "2011.11.21"]
[Round "5.8"]
[White "Rodriguez Bachiller, Luis"]
[Black "Mansilla Tolosa, Luis"]
[Result "0-1"]
[WhiteElo "1798"]
[BlackElo "2070"]
[PlyCount "52"]
[EventDate "2011.11.14"]
[EventType "swiss"]
[EventRounds "8"]
[EventCountry "ESP"]
[Source "lmi"]
[SourceDate "2011.11.14"]

1. d4 f5 2. g3 Nf6 3. Bg2 e6 4. Nf3 d5 5. Bf4 Bb4+ 6. Nbd2 O-O 7. c3 Be7 8. Ne5
Nbd7 9. Ndf3 Ne4 10. Nxd7 Bxd7 11. Ne5 a5 12. Nxd7 Qxd7 13. f3 Nf6 14. Qd3 a4
15. a3 Ra5 16. c4 dxc4 17. Qxc4 Nd5 18. Bd2 Qb5 19. Qxb5 Rxb5 20. O-O-O Rc8 21.
e4 Nb6 22. Bf1 Rb3 23. Be2 c5 24. Bc3 cxd4 25. Rxd4 Bxa3 26. Kb1 Rcxc3 0-1

[Event "16. Open C.A. Villaverde 2011"]
[Site "Madrid ESP"]
[Date "2011.11.21"]
[Round "5.9"]
[White "Garcia Hernandez, Javier"]
[Black "Lopez De Turiso, Jose Angel"]
[Result "0-1"]
[WhiteElo "1727"]
[BlackElo "2065"]
[PlyCount "102"]
[EventDate "2011.11.14"]
[EventType "swiss"]
[EventRounds "8"]
[EventCountry "ESP"]
[Source "lmi"]
[SourceDate "2011.11.14"]

1. d4 d6 2. c4 g6 3. Nc3 Bg7 4. e4 Nc6 5. d5 Nd4 6. Be3 c5 7. Nge2 Qb6 8. Na4
Qa5+ 9. Bd2 Qc7 10. Bc3 e5 11. dxe6 Nxe6 12. Bxg7 Nxg7 13. Nf4 Ne7 14. Be2 Ne6
15. Nxe6 fxe6 16. Qd2 Nc6 17. O-O-O Nd4 18. Nc3 a6 19. h4 Bd7 20. Qg5 Qd8 21.
Qh6 Qf6 22. Qe3 Rf8 23. Rdf1 Qf4 24. Kb1 Qxe3 25. fxe3 Rxf1+ 26. Rxf1 Nc6 27.
Bg4 Ne5 28. Be2 Ke7 29. b3 Bc6 30. Kc2 b5 31. Bd3 b4 32. Ne2 a5 33. Nf4 a4 34.
Kb2 axb3 35. axb3 Rf8 36. Ra1 Rxf4 37. exf4 Nxd3+ 38. Kc2 Nxf4 39. Ra7+ Kf6 40.
g3 Ne2 41. Kd2 Nd4 42. Rxh7 Bxe4 43. Ke3 Ke5 44. h5 gxh5 45. Rxh5+ Nf5+ 46. Kd2
Kf6 47. g4 Kg6 48. Rh2 Nd4 49. Ke3 Bc2 50. Rxc2 Nxc2+ 51. Kd3 Nd4 0-1